| 000 | 01082nam0a2200301 4500 | ||
|---|---|---|---|
| 001 | RU\NLR\BIBL_A\011319663 | ||
| 005 | 20250626042917.0 | ||
| 010 |
_a978-5-4444-5645-3 _9800 |
||
| 021 |
_aRU _b2016-102686 _96843 |
||
| 035 | _a(NLR Aleph) 011319663 | ||
| 090 |
_a11070471 _c11070471 |
||
| 100 | _a20170202d2016 |||y0rusy50 ca | ||
| 101 | 0 | _arus | |
| 102 | _aRU | ||
| 105 | _ay z 000 y | ||
| 200 | 1 |
_aНа фланге линии Маннергейма. Битва за Тайпале _fК.В. Якимович |
|
| 210 |
_aМосква _cВече _d2016 _d(макет 2017) |
||
| 215 |
_a333, [18] с. _d21 |
||
| 225 | 1 | _aВоенно-историческая библиотека | |
| 333 | _a12+ | ||
| 606 | 1 |
_aСражение у реки Тайпалеен-йоки _z1939 - 1940 _92607911 _3RU\NLR\auth\661544469 |
|
| 686 | 1 | _aТ3(2)721-682 | |
| 686 | 1 | _aЦ35(2)721.5 | |
| 700 | 1 |
_aЯкимович _bК. В. _gКирилл Владимирович |
|
| 942 | _cBOOK | ||
| 980 | _aNB | ||